Human physiology from cells to systems (Record no. 480051)

000 -LEADER
fixed length control field 00386nam a22001577a 4500
003 - CONTROL NUMBER IDENTIFIER
control field ASAB
005 - DATE AND TIME OF LATEST TRANSACTION
control field 20180827062625.0
008 - FIXED-LENGTH DATA ELEMENTS--GENERAL INFORMATION
fixed length control field 160331t xxu||||| |||| 00| 0 eng d
020 ## - INTERNATIONAL STANDARD BOOK NUMBER
International Standard Book Number 978-1-111-57743-8
040 ## - CATALOGING SOURCE
Transcribing agency ASAB
100 ## - MAIN ENTRY--PERSONAL NAME
Personal name Lauralee sherwood
9 (RLIN) 1696
222 ## - KEY TITLE
Key title human physiology
245 ## - TITLE STATEMENT
Title Human physiology from cells to systems
300 ## - PHYSICAL DESCRIPTION
Extent 794 p.
942 ## - ADDED ENTRY ELEMENTS (KOHA)
Source of classification or shelving scheme
Koha item type Book
Holdings
Withdrawn status Lost status Source of classification or shelving scheme Damaged status Not for loan Collection code Permanent Location Current Location Date acquired Total Checkouts Full call number Barcode Date last seen Date last checked out Price effective from Koha item type
            Atta-ur-Rahman School of Applied Biosciences (ASAB) Atta-ur-Rahman School of Applied Biosciences (ASAB) 03/31/2016 2 612 SHE ASAB3292 02/14/2018 03/08/2017 03/31/2016 Book
© 2023 Central Library, National University of Sciences and Technology. All Rights Reserved.